000 00330nam a22001217a 4500
020 _a9781639870769
040 _cNUST IESE
082 _a662.88
_bGOL
245 _aBioMass
_bMethods for volume calculation and Energy Valorization
260 _aNew York City
_bMurphy and Moore
_c2021
300 _a250
942 _2ddc
_cBK
_k662.88
999 _c594568
_d594568